Former Clubs Of Current Manchester United Players - Statistics

General Stats
  • This quiz has been taken 713 times
  • The average score is 16 of 23
Answer Stats
Player Former Club % Correct
David De Gea Atletico Madrid
91%
Paul Pogba Juventus
89%
Bastian Schweinsteiger Bayern Munich
87%
Wayne Rooney Everton
87%
Juan Mata Chelsea
85%
Daley Blind Ajax
83%
Luke Shaw Southampton
81%
Zlatan Ibrahimovic Paris SG
80%
Marouane Fellaini Everton
78%
Anthony Martial Monaco
76%
Henrikh Mkhitaryan Borussia Dortmund
74%
Memphis Depay PSV Eindhoven
74%
Ashley Young Aston Villa
70%
Ander Herrera Athletic Bilbao
65%
Morgan Schneiderlin Southampton
65%
Eric Bailly Villarreal
60%
Phil Jones Blackburn Rovers
59%
Michael Carrick Tottenham Hotspur
56%
Antonio Valencia Wigan Athletic
49%
Chris Smalling Fulham
46%
Matteo Darmian Torino
37%
Marcos Rojo Sporting Lisbon
31%
Sergio Romero Sampdoria
27%
No matching quizzes found
Score Distribution
Percent of People with Each Score
Percentile by Number Answered
Your Score History
You have not taken this quiz